000 00431nam a2200169 i 4500
001 bg
100 1 _aFIOK, Adam
245 0 _aPodstawy telewizji /
_cAdam Fiok, Marek Rusin.
260 _aWarszawa :
_bWydaw. Politechniki Warszawskiej,
_c1983.
300 _a508 s. :
_brys.
700 1 _aRUSIN, Marek
040 _cBPK
041 _apol
080 _a621.397(075.8)
942 _cKS
008 s pl f |000 0 pol
999 _c22085
_d22085
856 _uhttp://koha.tu.koszalin.pl/cgi-bin/koha/opac-detail.pl?biblionumber=22085
_yKatalog online BPK